Movies Quiz

Random Movies or Oscar Quiz

Best Picture Winners: 1980s Quiz Stats

 Plays Quiz Updated Jan 5, 2019

Score 0/10 Timer 03:00
3 Plays Today
Question Answer Wrong Answers
1983 Terms of Endearment
83.7%
The Big Chill
6.1%
The Right Stuff
6.7%
The Dresser
1.5%
1988 Rain Man
82.2%
Dangerous Liaisons
6%
Mississippi Burning
6%
The Accidental Tourist
2.4%
1982 Gandhi
81.9%
Tootsie
6.4%
The Verdict
1.3%
E.T. the Extra-Terrestrial
9.1%
1984 Amadeus
79.8%
The Killing Fields
9.3%
A Passage to India
7.1%
A Soldier's Story
1.3%
1981 Chariots of Fire
76.1%
On Golden Pond
16.9%
Atlantic City
1.2%
Raiders of the Lost Ark
5.1%
1986 Platoon
73.3%
A Room with a View
7.5%
Hannah and Her Sisters
6.8%
Children of a Lesser God
9.4%
1989 Driving Miss Daisy
72.7%
Field of Dreams
4.9%
Dead Poets Society
9.5%
Born on the Fourth of July
9.4%
1985 Out of Africa
69.4%
The Color Purple
24.1%
Kiss of the Spider Woman
2.1%
Witness
1.7%
1987 The Last Emperor
62.2%
Moonstruck
17.2%
Fatal Attraction
9.7%
Broadcast News
7.8%
1980 Ordinary People
56.7%
The Elephant Man
9.6%
Raging Bull
27.8%
Coal Miner's Daughter
5.9%

You're not logged in!

Compare scores with friends on all Sporcle quizzes.
OR
Log In

Sporcle TV

Today on Sporcle TV


Watch our educational content, quiz creation guides, and fun videos on Sporcle TV.

Show Comments

Extras

Top Quizzes Today


Score Distribution

Your Account Isn't Verified!

In order to create a playlist on Sporcle, you need to verify the email address you used during registration. Go to your Sporcle Settings to finish the process.

Report this User

Report this user for behavior that violates our Community Guidelines.

Details: